000 00542nam a2200181Ia 4500
008 230917s9999||||xx |||||||||||||| ||und||
020 _cRS785
040 _e259521
_aMAIN
041 _aEnglish
082 _a537 C392E(12)
100 _aChattopadhyay, D
245 0 _aElectricity and magnetism: With electromagnetic theory and special theory of relativity
250 _a12th ed.
260 _aKolkata
_bNew Central Book Agency
_c2019
300 _axvi, 852 p.
500 _a3736 05/12/2019 IBS19/207 11/12/2019 Main Budget
942 _cBK
999 _c33731
_d33731